000 00885nam a22002417a 4500
999 _c5667
_d5667
003 AR-CdUCM
008 190313b ||||| |||| 00| 0 spa d
040 _aMUNICIPALIDAD PROVINCIAL DEL CUSCO
_cBIBLIOTECA MUNICIPAL DEL CUSCO
041 _hita
082 _a458.6 /
_bF76
100 _aForesta, Gaetano
_99959
245 _aSelección de textos italianos para las explicaciones de clases /
260 _aLima :
_bUniversidad Nacional Mayor de San Marcos, Facultad de Letras,
_c1963.
300 _a37 páginas ;
_c23.5 cm.
500 _aTexto en italiano y español en páginas opuestas. Donación de la familia Nieto
505 _a"Textos utilizados": p. 5.
650 _aLengua italiana
_916908
650 _aEstudio y enseñanza
_92610
650 _aTextos
_94584
710 _aUniversidad Nacional Mayor de San Marcos (Lima)
_99962
942 _2ddc
_cLIBROS
945 _araen